Quizzes
Events
Quiz Creation
Community
Videos
Private Events
Remove Ads
Sign In
Join for FREE
Feedback
Dark Mode
Quiz Categories
Sports
Geography
Music
Movies
Television
Just For Fun
Miscellaneous
History
Literature
Language
Science
Gaming
Entertainment
Religion
Holiday
For Kids
Quiz Lab
Recent
Popular Today
Quiz Kudos Today
Editor Picks
Curator Picks
Quizzes by...
Day
Popularity
Type
Ratings
Length
Year
Community
Subscriptions
Recent Discussions
Orange Saloon
Badges
Playlists
Quests
Create
Leaderboards
Showdown
Live 5
Trivia Bingo
Activity
Puzzle Library
Sporcle Events
Private Events
Virtual Trivia
Globe League
Become a Host
Pub Owners
SporcleCon
Opinionation
Our Games
Videos
Blog
Mobile Apps
Partnerships
Remove Ads and Go Orange
Feedback
Sports
Athletes
MLB
NBA
NHL
NFL
Soccer
Sports Teams
WWE
NCAA
Football
Premier League
Basketball
Baseball
Hockey
Golf
Tennis
Cricket
Rugby
Auto Racing
Olympics
World Cup
Sports
Athletes
MLB
NBA
NHL
NFL
Soccer
Sports Teams
WWE
NCAA
Football
Premier League
Basketball
Baseball
Hockey
Golf
Tennis
Cricket
Rugby
Auto Racing
Olympics
World Cup
Random Quiz
Search Sporcle
×
Quiz Lab
Quiz Lab
Sports
Award
Type in answers that appear in a list
Type in answers that appear in a list
Classic
Best Score? Go Orange.
Can you name the RLB #1 overall draft picks? Stats
Memes
By
zenman1000
5m
29 Questions
11 Plays
11 Plays
11 Plays
Comments
Comments
Give Quiz Kudos
Give Quiz Kudos
-
- Ratings
hide this ad
More Info
Replay
Link that replays current quiz
Next Quiz
Link to next quiz in quiz playlist
You Got
0%
They Got
Avg Score
32%
Avg Friend Score
Upgrade to see
Score Distribution
Jump to the score distribution portion of the page
Score
0/29
Timer
05:00
0
Plays Today
Teams
Player
% Correct
Lincoln Liberators
Juan Rodriguez
75%
Harlem Sewer Rats
Pablo Sanchez
75%
Syracuse Salt Shakers
Jose Hernandez
75%
Montreal Royals
Flint Grady
75%
Motor City Madmen
Garrison Richards
75%
Long Beach Sea Otters
Marc Bloom
75%
Las Vegas Bunnies
R.J. Chumley
75%
Hartford Harpoons
Jeff Metzinger
71.4%
Roswell Greys
Ken Graham
70%
Vancouver Beavers
Bill Burns
60%
Vancouver Beavers
Johnny Manziel
60%
Hartford Harpoons
Stan Tinker
57.1%
Montreal Beavers
Markus Taylor
50%
Denver Papas
Herb Johnson
50%
Vancouver Beavers
Drake Moore
50%
Teams
Player
% Correct
Hartford Harpoons
David Goodwin-Tracy
50%
Miami Manantees
Alfredo Velez
50%
Harlem Sewer Rats
Jeff Cook
50%
Vancouver Beavers
Harry Olson
50%
Nashville Riverboat Gamblers
Gary Reynolds
40%
San Jose Rattatas
Tom Robinson
40%
Harlem Sewer Rats
Logan Francis
40%
Harlem Sewer Rats
Bill Valdez
40%
Long Beach Sea Otters
Jorge Alvarado
30%
Harlem Sewer Rats
Brennan Lee
25%
Havana Bananas
Colin Hughes
25%
Kansas City Kings
John Birdwell
10%
Whitehorse Ice Climbers
Neil Carter
10%
Brooklyn Pats
Raymond Delaney
10%
Quiz Playlist
Details
Report
Send in Message
Add To Playlist
More Info:
Can you name the RLB #1 overall draft picks?
Classic:
Type in answers that appear in a list
Last Updated: Nov 7, 2017
Quiz Scoreboard
CHALLENGE
Sign Up to Join the Scoreboard
Show All
Scores
Hide
Comments
May contain spoilers
Recently Published
Billboard Blitz: Fleetwood Mac
by CooCooCachoo
Music
15s
Presidents Visiting Landmarks
by Hejman
History
7m
An Introduction to Baseball
by treessimontrees
Sports
5m
More to Explore
Quiz From the Vault
Featured Blog Post
Where Did the Easter Bunny Come From?
hide this ad
You Might Also Like...
Tags
Award
meme
Player
team
Winner
Young
Today's Top Quizzes in Sports
Browse Sports
hide this ad
Today's Top Quizzes in Award
Browse Award
Top Contributed Quizzes in Sports
1
Les meilleurs buteurs des matchs entre le PSG et l’OM
2
2022 World Cup Stars
3
FIFA Club World Cup Champions
4
Les entraîneurs de l'OM et du PSG au 21e siècle
5
Criteria MLB: Left Handed Sluggers
6
Name the Premier League winners with different clubs
7
5-to-1: UK Sports Teams
8
AFC Teams Reveal (Wrong Answers Minefield)
9
Players with Multiple 50 Home Run Seasons
10
5-to-1: FBS Animal Nicknames
Explore More
Trending Topics
Kpop
Marvel
Disney
NBA
Anime
Harry Potter
Crossword
WWE
Puzzle
The Office
Pokémon
Soccer
Song
NFL
Country
hide this ad
More By:
zenman1000
Quiz
Plays
Rating
Category
Featured
Created
Can you name the RLB #1 overall draft picks?
11
Sports
Nov 12, 2016
Can you name the RLB MVP Award Winners?
9
Sports
Nov 7, 2016
Can you name the RLB all-time WAR leaders? (batters)
7
1.00
Sports
Nov 10, 2016
Can you name the RLB Cy Young Award Winners?
6
Sports
Nov 7, 2016
Can you name the RLB all time wins leaders?
4
Sports
Feb 2, 2017
Go to Creator's Profile
Score Distribution
Quiz Creator Spotlight
zenman1000
Follow
Send a Message
Quizzes Created
-
Created Quiz Play Count
-
More By This Creator
Popular Quizzes Today
1
Find the US States - No Outlines Minefield
2
Find the Countries of Europe - No Outlines Minefield
3
The Countries of the World
4
Find the US States
5
Risky Map Clicking: Biggest States A-Z
6
US States
7
Popular People in 1961
8
Movies - When Are They Set?
More Sports Quizzes
All Belgium Players since 2000
Quiz Lab
Trending Quizzes
Risky Map Clicking: Least Populous States A-Z
1-10 Letter G Words
1-10 Letter F Words
Risky Map Clicking: Next State Alphabetically
Risky Map Clicking: Biggest States A-Z
Recently Updated
Leaping Animals
pecheneg
Reality TV Shows (A-Z)
bhenderson79
Rickey Henderson's Hall of Fame Teammates
pecheneg
Champions League XIs: Arsenal
pecheneg
Quick Pick: Celebrities in WWE's Hall of Fame
aduchscher
A-Z Keypad Blitz II
pecheneg
Multiple Oscar Actors
pecheneg
Mystery Phrase Blitz: Oscar 'Best Actors'
pecheneg
F. Scott Fitzgerald Novels
LTH
Pick 3 Villains
ddd62291
Trending Topics
Harry Potter
Anime
Marvel
Disney
Crossword
Kpop
NBA
NFL
Pokémon
WWE
Soccer
The Office
Puzzle
Song
Country
Your Account Isn't Verified!
In order to create a playlist on Sporcle, you need to verify the email address you used during registration. Go to your
Sporcle Settings
to finish the process.
Report this User
Report this user for behavior that violates our
Community Guidelines
.
Details:
Send Report
Go to the Sporcle.com Mobile Site →
Comments